Fractional differential equations : (Record no. 51961)

MARC details
000 -LEADER
fixed length control field 00763nam a2200241Ia 4500
005 - DATE AND TIME OF LATEST TRANSACTION
control field 20260429112027.0
008 - FIXED-LENGTH DATA ELEMENTS--GENERAL INFORMATION
fixed length control field 260429s9999||||xx |||||||||||||| ||und||
020 ## - INTERNATIONAL STANDARD BOOK NUMBER
International Standard Book Number 9783031348761
041 ## - LANGUAGE CODE
Language English
082 ## - DEWEY DECIMAL CLASSIFICATION NUMBER
Classification number 515.35
Item number BEN
100 ## - MAIN ENTRY--PERSONAL NAME
Personal name Benchohra, Mouffak
245 #0 - TITLE STATEMENT
Title Fractional differential equations :
Remainder of title new advancements for generalized fractional derivatives /
Statement of responsibility, etc Mouffak Benchohra
260 ## - PUBLICATION, DISTRIBUTION, ETC. (IMPRINT)
Place of publication, distribution, etc Switzerland :
Name of publisher, distributor, etc Springer,
Date of publication, distribution, etc 2023.
300 ## - PHYSICAL DESCRIPTION
Extent xi, 190 p.; hb
440 ## - SERIES STATEMENT/ADDED ENTRY--TITLE
Title Synthesis lectures on mathematics and statistics
650 ## - SUBJECT ADDED ENTRY--TOPICAL TERM
Topical term or geographic name as entry element Differential equations
650 ## - SUBJECT ADDED ENTRY--TOPICAL TERM
Topical term or geographic name as entry element Mathematical analysis
650 ## - SUBJECT ADDED ENTRY--TOPICAL TERM
Topical term or geographic name as entry element Mathematics
700 ## - ADDED ENTRY--PERSONAL NAME
Personal name Karapinar, Erdal
700 ## - ADDED ENTRY--PERSONAL NAME
Personal name Lazreg, Jamal Eddine
700 ## - ADDED ENTRY--PERSONAL NAME
Personal name Salim, Abdelkrim
942 ## - ADDED ENTRY ELEMENTS (KOHA)
Koha item type Text Books
Holdings
Withdrawn status Lost status Damaged status Not for loan Collection code Home library Location Shelving location Date of Cataloging Source of acquisition Total Checkouts Full call number Barcode Date last seen Price effective from Koha item type
        Non-fiction CUTN Central Library CUTN Central Library Sciences 29/04/2026 Overseas Press, New Delhi - Invoice No. IN32831 on 09-02-2026   515.35 BEN 57002 29/04/2026 29/04/2026 Text Books